Shellfish / (Record no. 972)

MARC details
000 -LEADER
fixed length control field 00625nam a2200217 4500
003 - CONTROL NUMBER IDENTIFIER
control field OSt
005 - DATE AND TIME OF LATEST TRANSACTION
control field 20240620052157.0
008 - FIXED-LENGTH DATA ELEMENTS--GENERAL INFORMATION
fixed length control field 240620b |||||||| |||| 00| 0 eng d
020 ## - INTERNATIONAL STANDARD BOOK NUMBER
International Standard Book Number 0809429330
040 ## - CATALOGING SOURCE
Original cataloging agency DWCL-HMN lib.
Transcribing agency OC
082 ## - DEWEY DECIMAL CLASSIFICATION NUMBER
Classification number Circ. 641.694 S544t 1982
006 - FIXED-LENGTH DATA ELEMENTS--ADDITIONAL MATERIAL CHARACTERISTICS
fixed length control field a
110 ## - MAIN ENTRY--CORPORATE NAME
Corporate name or jurisdiction name as entry element BY THE EDITORS TIME LIFE BOOKS
245 ## - TITLE STATEMENT
Title Shellfish /
260 ## - PUBLICATION, DISTRIBUTION, ETC.
Place of publication, distribution, etc. Alexandria, Virginia :
Name of publisher, distributor, etc. Time-Life Books,
Date of publication, distribution, etc. c1982.
300 ## - PHYSICAL DESCRIPTION
Other physical details 176 p. col. : ill. ;
Dimensions 27 cm.
490 ## - SERIES STATEMENT
Materials specified the good techniques and recipes
504 ## - BIBLIOGRAPHY, ETC. NOTE
Bibliography, etc. note Includes index and glossary.
650 ## - SUBJECT ADDED ENTRY--TOPICAL TERM
Topical term or geographic name entry element 1. Cooking(Shellfish).
942 ## - ADDED ENTRY ELEMENTS (KOHA)
Source of classification or shelving scheme Dewey Decimal Classification
Suppress in OPAC No
Koha item type Book Circulation
Call number prefix Circ.
Holdings
Withdrawn status Lost status Source of classification or shelving scheme Damaged status Not for loan Home library Current library Date acquired Source of acquisition Total Checkouts Full call number Barcode Date last seen Copy number Price effective from Koha item type Uniform Resource Identifier
    Dewey Decimal Classification     HM & Nursing Library HM & Nursing Library 08/28/2012 Donation   Circ. 641.694 S544t 1982 49534 06/20/2024 c1 06/20/2024 Book Circulation